000 00540nam a2200169 4500
001 127763
003 ES-MaACL
005 20230906193059.0
007 t|
008 070214s1969 cl r ||||1| spa d
100 1 _aRivacoba y Rivacoba, Manuel de.
_997535
245 1 0 _aPrograma analítico de Derecho Penal
_b: (Primer Curso) /
_cManuel de Rivacoba y Rivacoba.
260 _aValparaíso :
_bUniversidad de Chile,
_c1969.
300 _a46 p. ;
_c19 cm.
710 2 _aUniversidad de Chile.
_97162
852 _aES-MaACL
_j2071-F-3
_bR.71526
999 _c127763
_d127763